Encuesta de Hogares de Propósitos Múltiples. Julio 2005. Principales Resultados
Gespeichert in:
| Format: | Text |
|---|---|
| Tags: |
Tag hinzufügen
Keine Tags, Fügen Sie den ersten Tag hinzu!
|
MARC
| LEADER | 00000 a a2200000 04500 | ||
|---|---|---|---|
| 001 | 40430 | ||
| 003 | |||
| 040 | |||
| 245 | |a Encuesta de Hogares de Propósitos Múltiples. Julio 2005. Principales Resultados | ||
| 500 | |a Cada año se incorporan módulos especiales de investigación. En este edición se incluyo el módulo sobre tecnologías de Información y Comunicación | ||
| 773 | |g (2005) | ||
| 999 | |c 29668 |d 29668 | ||
